000
00295 a2200145 4500
001
162360
020
_a
040
_c
Magnum
100
_a
Gentzbittel, Marguerite
240
1
0
_a
A causa dos alunos
_l
por
245
1
0
_a
A causa dos alunos
362
0
_a
1899
697
_a
ENSINO
942
_c
BK
999
_c
162360
_d
162360